| 000 | 004240000a22001810004500 | ||
|---|---|---|---|
| 003 | MACL | ||
| 005 | 20150823160825.0 | ||
| 008 | 150823b xxu||||| |||| 00| 0 eng d | ||
| 040 |
_aMACL _cMACL |
||
| 041 | _aEnglish | ||
| 082 | _a677/PAR | ||
| 100 |
_aParvathi, K _97193 |
||
| 245 | _aTextile Desihing | ||
| 260 |
_bAavishkar Publishers _c2007 _aJaipur |
||
| 350 | _a800 | ||
| 650 |
_aTextile _97194 |
||
| 942 |
_cBK _k677 _2ddc |
||
| 999 |
_c9033 _d9033 |
||